[Event "DVM U16 2021"]
[Site "Kiel GER"]
[Date "2022.07.25"]
[Round "6"]
[White "Weidemann, Jakob"]
[Black "Korchynskyi, Mykola"]
[Result "1-0"]
[Termination "normal"]
[Board "1.1"]
[WhiteElo "2092"]
[BlackElo "1711"]
[WhiteClock "00:16:46"]
[BlackClock "01:01:12"]
[WhiteTeam "Schachklub Münster 32 e. V."]
[BlackTeam "Schachfreunde Essen-Katernberg 04/32 e. V."]
[PlyCount "121"]
[WhiteFideId "16255470"]
[BlackFideId "34138005"]
[EventCountry "GER"]
[EventRounds "7"]
[EventType "team-swiss"]
[EventDate "2022.07.22"]

1. e4 {[%clk 01:30:57]} {[%emt 00:00:02]} e6 {[%clk 01:30:49]} {[%emt
00:00:11]} 2. d4 {[%clk 01:31:21]} {[%emt 00:00:06]} d5 {[%clk 01:31:12]}
{[%emt 00:00:07]} 3. Nd2 {[%clk 01:31:44]} {[%emt 00:00:07]} c5 {[%clk
01:31:23]} {[%emt 00:00:18]} 4. exd5 {[%clk 01:32:05]} {[%emt 00:00:10]} Qxd5
{[%clk 01:31:39]} {[%emt 00:00:14]} 5. Ngf3 {[%clk 01:32:25]} {[%emt 00:00:10]}
cxd4 {[%clk 01:31:37]} {[%emt 00:00:31]} 6. Bc4 {[%clk 01:32:44]} {[%emt
00:00:10]} Qd6 {[%clk 01:31:51]} {[%emt 00:00:17]} 7. O-O {[%clk 01:32:54]}
{[%emt 00:00:20]} Nf6 {[%clk 01:32:07]} {[%emt 00:00:15]} 8. Nb3 {[%clk
01:33:15]} {[%emt 00:00:09]} Nc6 {[%clk 01:32:28]} {[%emt 00:00:09]} 9. Nbxd4
{[%clk 01:33:18]} {[%emt 00:00:27]} Nxd4 {[%clk 01:32:24]} {[%emt 00:00:34]}
10. Nxd4 {[%clk 01:33:39]} {[%emt 00:00:09]} Qc7 {[%clk 01:32:43]} {[%emt
00:00:11]} 11. Qe2 {[%clk 01:33:11]} {[%emt 00:00:58]} a6 {[%clk 01:32:52]}
{[%emt 00:00:22]} 12. Bg5 {[%clk 01:33:17]} {[%emt 00:00:24]} Be7 {[%clk
01:32:14]} {[%emt 00:01:08]} 13. Rfe1 {[%clk 01:31:08]} {[%emt 00:02:39]} O-O
{[%clk 01:31:36]} {[%emt 00:01:08]} 14. c3 {[%clk 01:31:23]} {[%emt 00:00:15]}
b6 {[%clk 01:29:00]} {[%emt 00:03:06]} 15. Bb3 {[%clk 01:30:07]} {[%emt
00:01:46]} h6 {[%clk 01:28:22]} {[%emt 00:01:08]} 16. Bh4 {[%clk 01:29:53]}
{[%emt 00:00:44]} Kh8 {[%clk 01:25:20]} {[%emt 00:03:33]} 17. Nf5 {[%clk
01:21:05]} {[%emt 00:09:18]} Bb7 {[%clk 01:23:56]} {[%emt 00:01:54]} 18. Nxe7
{[%clk 01:21:21]} {[%emt 00:00:14]} Qxe7 {[%clk 01:24:22]} {[%emt 00:00:04]}
19. Rad1 {[%clk 01:18:37]} {[%emt 00:03:14]} Rfd8 {[%clk 01:15:52]} {[%emt
00:09:00]} 20. Qe5 {[%clk 01:04:43]} {[%emt 00:14:24]} Rxd1 {[%clk 01:12:58]}
{[%emt 00:03:24]} 21. Rxd1 {[%clk 01:04:41]} {[%emt 00:00:32]} Rd8 {[%clk
01:13:02]} {[%emt 00:00:25]} 22. Bxf6 {[%clk 01:03:25]} {[%emt 00:01:47]} Rxd1+
{[%clk 01:12:57]} {[%emt 00:00:35]} 23. Bxd1 {[%clk 01:03:46]} {[%emt
00:00:09]} gxf6 {[%clk 01:13:20]} {[%emt 00:00:06]} 24. Qe3 {[%clk 01:03:55]}
{[%emt 00:00:21]} Kg7 {[%clk 01:12:20]} {[%emt 00:01:30]} 25. Qxb6 {[%clk
01:03:08]} {[%emt 00:01:17]} Qd7 {[%clk 01:12:42]} {[%emt 00:00:08]} 26. Qd4
{[%clk 01:01:36]} {[%emt 00:02:03]} Qb5 {[%clk 01:12:29]} {[%emt 00:00:39]} 27.
b4 {[%clk 00:57:11]} {[%emt 00:04:58]} a5 {[%clk 01:09:55]} {[%emt 00:03:04]}
28. a4 {[%clk 00:50:09]} {[%emt 00:07:32]} Qc6 {[%clk 01:10:11]} {[%emt
00:00:14]} 29. f3 {[%clk 00:49:52]} {[%emt 00:00:47]} axb4 {[%clk 01:08:55]}
{[%emt 00:01:46]} 30. cxb4 {[%clk 00:48:33]} {[%emt 00:01:49]} e5 {[%clk
01:08:52]} {[%emt 00:00:33]} 31. Qd2 {[%clk 00:47:35]} {[%emt 00:01:29]} f5
{[%clk 01:03:54]} {[%emt 00:05:28]} 32. h3 {[%clk 00:45:04]} {[%emt 00:03:00]}
e4 {[%clk 01:03:37]} {[%emt 00:00:47]} 33. Qd4+ {[%clk 00:44:29]} {[%emt
00:01:06]} Kh7 {[%clk 01:02:48]} {[%emt 00:01:19]} 34. Qc5 {[%clk 00:24:38]}
{[%emt 00:20:20]} Qg6 {[%clk 00:57:19]} {[%emt 00:05:59]} 35. fxe4 {[%clk
00:23:00]} {[%emt 00:02:09]} fxe4 {[%clk 00:56:37]} {[%emt 00:01:13]} 36. Bh5
{[%clk 00:21:46]} {[%emt 00:01:44]} Qf6 {[%clk 00:52:52]} {[%emt 00:04:14]} 37.
Qf2 {[%clk 00:21:56]} {[%emt 00:00:20]} Qa1+ {[%clk 00:53:17]} {[%emt
00:00:06]} 38. Qf1 {[%clk 00:22:10]} {[%emt 00:00:16]} Qd4+ {[%clk 00:53:40]}
{[%emt 00:00:06]} 39. Kh1 {[%clk 00:17:40]} {[%emt 00:05:01]} Bd5 {[%clk
00:49:52]} {[%emt 00:04:18]} 40. Bxf7 {[%clk 00:16:21]} {[%emt 00:01:49]} Bxf7
{[%clk 00:50:03]} {[%emt 00:00:19]} 41. Qxf7+ {[%clk 00:16:40]} {[%emt
00:00:11]} Kh8 {[%clk 00:50:31]} {[%emt 00:00:02]} 42. Qe8+ {[%clk 00:15:25]}
{[%emt 00:01:44]} Kg7 {[%clk 00:47:21]} {[%emt 00:03:41]} 43. Qe7+ {[%clk
00:15:40]} {[%emt 00:00:14]} Kh8 {[%clk 00:43:31]} {[%emt 00:04:20]} 44. a5
{[%clk 00:14:23]} {[%emt 00:01:47]} e3 {[%clk 00:42:07]} {[%emt 00:01:54]} 45.
a6 {[%clk 00:14:23]} {[%emt 00:00:30]} Qf4 {[%clk 00:42:18]} {[%emt 00:00:19]}
46. Qe8+ {[%clk 00:12:33]} {[%emt 00:02:20]} Kg7 {[%clk 00:41:34]} {[%emt
00:01:14]} 47. Qd7+ {[%clk 00:12:09]} {[%emt 00:00:54]} Kf6 {[%clk 00:41:01]}
{[%emt 00:01:02]} 48. Qc6+ {[%clk 00:10:52]} {[%emt 00:01:47]} Kf7 {[%clk
00:40:33]} {[%emt 00:00:59]} 49. Qc1 {[%clk 00:23:31]} {[%emt 00:17:51]} Qf2
{[%clk 01:09:04]} {[%emt 00:01:59]} 50. Qg1 {[%clk 00:23:33]} {[%emt 00:00:28]}
Qd2 {[%clk 01:07:56]} {[%emt 00:01:38]} 51. a7 {[%clk 00:23:47]} {[%emt
00:00:17]} e2 {[%clk 01:08:13]} {[%emt 00:00:13]} 52. a8=Q {[%clk 00:24:03]}
{[%emt 00:00:13]} e1=Q {[%clk 01:08:34]} {[%emt 00:00:10]} 53. Qd5+ {[%clk
00:21:11]} {[%emt 00:03:21]} Qxd5 {[%clk 01:07:18]} {[%emt 00:01:46]} 54. Qxe1
{[%clk 00:21:34]} {[%emt 00:00:08]} Qb3 {[%clk 01:06:40]} {[%emt 00:01:08]} 55.
Qf1+ {[%clk 00:20:06]} {[%emt 00:01:58]} Kg7 {[%clk 01:05:03]} {[%emt
00:02:06]} 56. b5 {[%clk 00:20:20]} {[%emt 00:00:15]} Qb2 {[%clk 01:05:00]}
{[%emt 00:00:29]} 57. Qc4 {[%clk 00:17:32]} {[%emt 00:03:22]} Qe5 {[%clk
01:03:55]} {[%emt 00:01:34]} 58. Qg4+ {[%clk 00:16:38]} {[%emt 00:01:25]} Kh7
{[%clk 01:03:15]} {[%emt 00:01:10]} 59. b6 {[%clk 00:16:45]} {[%emt 00:00:23]}
Qd5 {[%clk 01:01:58]} {[%emt 00:01:47]} 60. Qg3 {[%clk 00:16:37]} {[%emt
00:00:39]} h5 {[%clk 01:01:12]} {[%emt 00:01:15]} 61. Qc7+ {[%clk 00:16:46]}
{[%emt 00:00:20]} 1-0

[Event "DVM U16 2021"]
[Site "Kiel GER"]
[Date "2022.07.25"]
[Round "6"]
[White "Jahrke, Jonas"]
[Black "Schröder, Lennart"]
[Result "0-1"]
[Termination "normal"]
[Board "1.2"]
[WhiteElo "1725"]
[BlackElo "2023"]
[WhiteClock "00:30:14"]
[BlackClock "00:44:56"]
[WhiteTeam "Schachfreunde Essen-Katernberg 04/32 e. V."]
[BlackTeam "Schachklub Münster 32 e. V."]
[PlyCount "92"]
[WhiteFideId "12984353"]
[BlackFideId "16222490"]
[EventCountry "GER"]
[EventRounds "7"]
[EventType "team-swiss"]
[EventDate "2022.07.22"]

1. Nf3 {[%clk 01:30:56]} {[%emt 00:00:03]} Nf6 {[%clk 01:30:54]} {[%emt
00:00:06]} 2. g3 {[%clk 01:31:10]} {[%emt 00:00:17]} g6 {[%clk 01:31:11]}
{[%emt 00:00:12]} 3. b3 {[%clk 01:31:26]} {[%emt 00:00:14]} Bg7 {[%clk
01:31:34]} {[%emt 00:00:07]} 4. Bb2 {[%clk 01:31:44]} {[%emt 00:00:14]} d5
{[%clk 01:31:47]} {[%emt 00:00:17]} 5. Bg2 {[%clk 01:31:20]} {[%emt 00:00:54]}
O-O {[%clk 01:31:06]} {[%emt 00:01:11]} 6. O-O {[%clk 01:31:19]} {[%emt
00:00:30]} c5 {[%clk 01:30:36]} {[%emt 00:01:01]} 7. c4 {[%clk 01:31:25]}
{[%emt 00:00:24]} d4 {[%clk 01:29:18]} {[%emt 00:01:48]} 8. b4 {[%clk
01:25:01]} {[%emt 00:06:54]} Re8 {[%clk 01:28:18]} {[%emt 00:01:30]} 9. bxc5
{[%clk 01:17:06]} {[%emt 00:08:25]} e5 {[%clk 01:28:00]} {[%emt 00:00:47]} 10.
e3 {[%clk 01:10:18]} {[%emt 00:07:19]} Nc6 {[%clk 01:25:25]} {[%emt 00:03:04]}
11. exd4 {[%clk 01:08:23]} {[%emt 00:02:27]} e4 {[%clk 01:21:52]} {[%emt
00:04:03]} 12. Ne1 {[%clk 00:49:49]} {[%emt 00:19:04]} Nxd4 {[%clk 01:20:40]}
{[%emt 00:01:42]} 13. h3 {[%clk 00:45:37]} {[%emt 00:04:43]} Nd7 {[%clk
01:14:18]} {[%emt 00:06:52]} 14. Nc3 {[%clk 00:43:06]} {[%emt 00:03:01]} Nxc5
{[%clk 01:13:57]} {[%emt 00:00:51]} 15. Ba3 {[%clk 00:36:11]} {[%emt 00:07:25]}
Qa5 {[%clk 01:09:26]} {[%emt 00:05:00]} 16. Bxc5 {[%clk 00:36:17]} {[%emt
00:00:24]} Qxc5 {[%clk 01:09:49]} {[%emt 00:00:07]} 17. Nxe4 {[%clk 00:27:19]}
{[%emt 00:09:28]} Qa3 {[%clk 00:46:56]} {[%emt 00:23:23]} 18. Rb1 {[%clk
00:11:34]} {[%emt 00:16:15]} Qxa2 {[%clk 00:41:54]} {[%emt 00:05:31]} 19. Nd6
{[%clk 00:10:06]} {[%emt 00:01:59]} Re2 {[%clk 00:41:23]} {[%emt 00:01:01]} 20.
Ra1 {[%clk 00:05:30]} {[%emt 00:05:06]} Qxd2 {[%clk 00:38:08]} {[%emt
00:03:44]} 21. Qxd2 {[%clk 00:05:57]} {[%emt 00:00:04]} Rxd2 {[%clk 00:38:32]}
{[%emt 00:00:06]} 22. Nxc8 {[%clk 00:03:34]} {[%emt 00:02:54]} Ne2+ {[%clk
00:38:03]} {[%emt 00:00:59]} 23. Kh2 {[%clk 00:02:52]} {[%emt 00:01:11]} Bxa1
{[%clk 00:37:40]} {[%emt 00:00:53]} 24. Nf3 {[%clk 00:02:25]} {[%emt 00:00:57]}
Ra2 {[%clk 00:37:24]} {[%emt 00:00:46]} 25. Nd6 {[%clk 00:01:59]} {[%emt
00:00:57]} Bf6 {[%clk 00:29:08]} {[%emt 00:08:45]} 26. Nxb7 {[%clk 00:01:29]}
{[%emt 00:01:01]} Rc2 {[%clk 00:28:50]} {[%emt 00:00:47]} 27. c5 {[%clk
00:01:24]} {[%emt 00:00:36]} a5 {[%clk 00:26:21]} {[%emt 00:02:59]} 28. Ne1
{[%clk 00:00:58]} {[%emt 00:00:56]} Rc1 {[%clk 00:26:29]} {[%emt 00:00:22]} 29.
c6 {[%clk 00:01:10]} {[%emt 00:00:18]} a4 {[%clk 00:26:15]} {[%emt 00:00:44]}
30. Nd3 {[%clk 00:01:00]} {[%emt 00:00:40]} Rxf1 {[%clk 00:26:34]} {[%emt
00:00:11]} 31. Bxf1 {[%clk 00:01:29]} {[%emt 00:00:02]} a3 {[%clk 00:26:49]}
{[%emt 00:00:15]} 32. Nb4 {[%clk 00:01:00]} {[%emt 00:00:59]} Nc3 {[%clk
00:22:50]} {[%emt 00:04:28]} 33. Bc4 {[%clk 00:00:32]} {[%emt 00:00:59]} Be7
{[%clk 00:21:11]} {[%emt 00:02:09]} 34. Nc2 {[%clk 00:00:41]} {[%emt 00:00:21]}
Rc8 {[%clk 00:19:43]} {[%emt 00:01:57]} 35. Na5 {[%clk 00:00:44]} {[%emt
00:00:27]} Bd8 {[%clk 00:14:22]} {[%emt 00:05:51]} 36. Ba6 {[%clk 00:01:04]}
{[%emt 00:00:09]} Ra8 {[%clk 00:13:54]} {[%emt 00:00:58]} 37. Nb7 {[%clk
00:00:55]} {[%emt 00:00:39]} Rxa6 {[%clk 00:13:28]} {[%emt 00:00:56]} 38. Nxd8
{[%clk 00:01:20]} {[%emt 00:00:05]} Nd5 {[%clk 00:13:43]} {[%emt 00:00:15]} 39.
Nb7 {[%clk 00:00:48]} {[%emt 00:01:02]} a2 {[%clk 00:12:47]} {[%emt 00:01:26]}
40. Na1 {[%clk 00:00:31]} {[%emt 00:00:47]} Rxc6 {[%clk 00:12:46]} {[%emt
00:00:31]} 41. Na5 {[%clk 00:29:55]} {[%emt 00:01:07]} Rc1 {[%clk 00:43:07]}
{[%emt 00:00:08]} 42. N5b3 {[%clk 00:30:20]} {[%emt 00:00:06]} Rb1 {[%clk
00:43:31]} {[%emt 00:00:05]} 43. Kg2 {[%clk 00:29:27]} {[%emt 00:01:22]} Nb4
{[%clk 00:43:49]} {[%emt 00:00:13]} 44. Kf3 {[%clk 00:29:43]} {[%emt 00:00:14]}
Nc2 {[%clk 00:44:07]} {[%emt 00:00:12]} 45. Nxc2 {[%clk 00:29:50]} {[%emt
00:00:23]} Rxb3+ {[%clk 00:44:31]} {[%emt 00:00:06]} 46. Ke2 {[%clk 00:30:14]}
{[%emt 00:00:06]} Rb2 {[%clk 00:44:56]} {[%emt 00:00:04]} 0-1

[Event "DVM U16 2021"]
[Site "Kiel GER"]
[Date "2022.07.25"]
[Round "6"]
[White "Toval, David"]
[Black "Berresheim, Nils"]
[Result "0-1"]
[Termination "normal"]
[Board "1.3"]
[WhiteElo "1830"]
[BlackElo "1730"]
[WhiteClock "00:01:09"]
[BlackClock "00:16:06"]
[WhiteTeam "Schachklub Münster 32 e. V."]
[BlackTeam "Schachfreunde Essen-Katernberg 04/32 e. V."]
[PlyCount "82"]
[WhiteFideId "12992755"]
[BlackFideId "16246306"]
[EventCountry "GER"]
[EventRounds "7"]
[EventType "team-swiss"]
[EventDate "2022.07.22"]

1. e4 {[%clk 01:30:58]} {[%emt 00:00:02]} c5 {[%clk 01:30:37]} {[%emt
00:00:23]} 2. Nf3 {[%clk 01:31:23]} {[%emt 00:00:06]} d6 {[%clk 01:30:59]}
{[%emt 00:00:08]} 3. d4 {[%clk 01:31:49]} {[%emt 00:00:04]} cxd4 {[%clk
01:31:22]} {[%emt 00:00:07]} 4. Nxd4 {[%clk 01:32:14]} {[%emt 00:00:05]} Nf6
{[%clk 01:31:43]} {[%emt 00:00:08]} 5. Nc3 {[%clk 01:32:39]} {[%emt 00:00:06]}
a6 {[%clk 01:32:06]} {[%emt 00:00:06]} 6. Bc4 {[%clk 01:33:04]} {[%emt
00:00:06]} e6 {[%clk 01:32:28]} {[%emt 00:00:08]} 7. Be3 {[%clk 01:33:26]}
{[%emt 00:00:08]} Be7 {[%clk 01:32:46]} {[%emt 00:00:12]} 8. f3 {[%clk
01:33:47]} {[%emt 00:00:09]} b5 {[%clk 01:31:57]} {[%emt 00:01:19]} 9. Bb3
{[%clk 01:34:06]} {[%emt 00:00:11]} O-O {[%clk 01:31:12]} {[%emt 00:01:14]} 10.
Qd2 {[%clk 01:33:24]} {[%emt 00:01:12]} Bd7 {[%clk 01:30:55]} {[%emt 00:00:47]}
11. g4 {[%clk 01:32:00]} {[%emt 00:01:55]} b4 {[%clk 01:30:19]} {[%emt
00:01:05]} 12. Nce2 {[%clk 01:31:33]} {[%emt 00:00:57]} a5 {[%clk 01:29:37]}
{[%emt 00:01:11]} 13. g5 {[%clk 01:28:44]} {[%emt 00:03:21]} Ne8 {[%clk
01:28:34]} {[%emt 00:01:32]} 14. f4 {[%clk 01:28:15]} {[%emt 00:00:59]} Qc7
{[%clk 01:25:21]} {[%emt 00:03:42]} 15. c3 {[%clk 01:22:38]} {[%emt 00:06:08]}
a4 {[%clk 01:19:08]} {[%emt 00:06:42]} 16. Bc2 {[%clk 01:19:19]} {[%emt
00:03:50]} bxc3 {[%clk 01:15:33]} {[%emt 00:04:05]} 17. Nxc3 {[%clk 01:19:20]}
{[%emt 00:00:29]} Nc6 {[%clk 01:06:09]} {[%emt 00:09:54]} 18. Ndb5 {[%clk
00:48:26]} {[%emt 00:31:24]} Qb7 {[%clk 01:04:26]} {[%emt 00:02:12]} 19. Na3
{[%clk 00:37:17]} {[%emt 00:11:40]} Nb4 {[%clk 00:56:37]} {[%emt 00:08:19]} 20.
Nc4 {[%clk 00:36:15]} {[%emt 00:01:32]} Nxc2+ {[%clk 00:54:01]} {[%emt
00:03:07]} 21. Qxc2 {[%clk 00:36:39]} {[%emt 00:00:06]} Bc6 {[%clk 00:52:46]}
{[%emt 00:01:44]} 22. Rg1 {[%clk 00:30:33]} {[%emt 00:06:37]} d5 {[%clk
00:48:48]} {[%emt 00:04:28]} 23. exd5 {[%clk 00:28:21]} {[%emt 00:02:43]} exd5
{[%clk 00:48:22]} {[%emt 00:00:55]} 24. Ne5 {[%clk 00:26:20]} {[%emt 00:02:32]}
Bb4 {[%clk 00:43:23]} {[%emt 00:05:28]} 25. Bd4 {[%clk 00:21:29]} {[%emt
00:05:22]} Nd6 {[%clk 00:41:39]} {[%emt 00:02:14]} 26. Kf1 {[%clk 00:14:00]}
{[%emt 00:08:00]} Rac8 {[%clk 00:36:02]} {[%emt 00:06:06]} 27. Nd3 {[%clk
00:10:52]} {[%emt 00:03:38]} Nb5 {[%clk 00:30:34]} {[%emt 00:05:57]} 28. Be5
{[%clk 00:02:48]} {[%emt 00:08:35]} Bxc3 {[%clk 00:27:04]} {[%emt 00:03:59]}
29. bxc3 {[%clk 00:02:10]} {[%emt 00:01:08]} Na3 {[%clk 00:23:22]} {[%emt
00:04:12]} 30. Qb2 {[%clk 00:02:36]} {[%emt 00:00:05]} Nc4 {[%clk 00:21:12]}
{[%emt 00:02:39]} 31. Qxb7 {[%clk 00:02:58]} {[%emt 00:00:09]} Bxb7 {[%clk
00:21:41]} 32. Bd4 {[%clk 00:02:57]} {[%emt 00:00:31]} Nd2+ {[%clk 00:20:41]}
{[%emt 00:01:29]} 33. Kg2 {[%clk 00:03:07]} {[%emt 00:00:20]} Ne4 {[%clk
00:20:12]} {[%emt 00:00:59]} 34. Rac1 {[%clk 00:03:24]} {[%emt 00:00:14]} Nxc3
{[%clk 00:19:19]} {[%emt 00:01:22]} 35. Rxc3 {[%clk 00:02:23]} {[%emt
00:01:31]} Rxc3 {[%clk 00:19:47]} {[%emt 00:00:03]} 36. Bxc3 {[%clk 00:02:47]}
{[%emt 00:00:06]} d4+ {[%clk 00:20:11]} {[%emt 00:00:05]} 37. Kf2 {[%clk
00:03:14]} {[%emt 00:00:04]} dxc3 {[%clk 00:20:28]} {[%emt 00:00:13]} 38. Rc1
{[%clk 00:01:37]} {[%emt 00:02:07]} Rc8 {[%clk 00:19:56]} {[%emt 00:01:01]} 39.
Ke3 {[%clk 00:02:03]} {[%emt 00:00:05]} Bd5 {[%clk 00:18:04]} {[%emt 00:02:21]}
40. Nb4 {[%clk 00:01:51]} {[%emt 00:00:42]} Be6 {[%clk 00:16:41]} {[%emt
00:01:53]} 41. Kd4 {[%clk 00:01:09]} {[%emt 00:01:12]} Rc4+ {[%clk 00:16:06]}
{[%emt 00:01:02]} 0-1

[Event "DVM U16 2021"]
[Site "Kiel GER"]
[Date "2022.07.25"]
[Round "6"]
[White "Rasch, Lukas"]
[Black "Kvantaliani, Saba"]
[Result "1-0"]
[Termination "normal"]
[Board "1.4"]
[WhiteElo "1617"]
[BlackElo "1664"]
[WhiteClock "00:23:03"]
[BlackClock "00:04:40"]
[WhiteTeam "Schachfreunde Essen-Katernberg 04/32 e. V."]
[BlackTeam "Schachklub Münster 32 e. V."]
[PlyCount "77"]
[WhiteFideId "16272072"]
[BlackFideId "16284364"]
[EventCountry "GER"]
[EventRounds "7"]
[EventType "team-swiss"]
[EventDate "2022.07.22"]

1. e4 {[%clk 01:30:54]} {[%emt 00:00:05]} c5 {[%clk 01:30:54]} {[%emt
00:00:07]} 2. Nc3 {[%clk 01:31:09]} {[%emt 00:00:14]} d6 {[%clk 01:30:59]}
{[%emt 00:00:25]} 3. f4 {[%clk 01:31:29]} {[%emt 00:00:09]} Nc6 {[%clk
01:31:15]} {[%emt 00:00:16]} 4. Nf3 {[%clk 01:31:34]} {[%emt 00:00:24]} e6
{[%clk 01:27:53]} {[%emt 00:03:52]} 5. d4 {[%clk 01:31:36]} {[%emt 00:00:27]}
cxd4 {[%clk 01:27:51]} {[%emt 00:00:33]} 6. Nxd4 {[%clk 01:32:00]} {[%emt
00:00:06]} d5 {[%clk 01:12:52]} {[%emt 00:15:29]} 7. Bb5 {[%clk 01:27:56]}
{[%emt 00:04:32]} Bd7 {[%clk 01:12:42]} {[%emt 00:00:42]} 8. exd5 {[%clk
01:20:23]} {[%emt 00:08:02]} Nxd4 {[%clk 01:06:44]} {[%emt 00:06:28]} 9. Bxd7+
{[%clk 01:09:41]} {[%emt 00:11:11]} Qxd7 {[%clk 01:07:07]} {[%emt 00:00:07]}
10. Qxd4 {[%clk 01:09:54]} {[%emt 00:00:16]} Be7 {[%clk 00:41:41]} {[%emt
00:25:57]} 11. Be3 {[%clk 01:02:58]} {[%emt 00:07:26]} Bf6 {[%clk 00:40:14]}
{[%emt 00:01:58]} 12. dxe6 {[%clk 00:52:59]} {[%emt 00:10:29]} Qxd4 {[%clk
00:39:16]} {[%emt 00:01:27]} 13. Bxd4 {[%clk 00:53:13]} {[%emt 00:00:16]} Bxd4
{[%clk 00:39:39]} {[%emt 00:00:07]} 14. Nb5 {[%clk 00:53:30]} {[%emt 00:00:12]}
Bb6 {[%clk 00:36:25]} {[%emt 00:03:45]} 15. Nd6+ {[%clk 00:50:52]} {[%emt
00:03:08]} Ke7 {[%clk 00:36:47]} {[%emt 00:00:08]} 16. Nxf7 {[%clk 00:50:31]}
{[%emt 00:00:51]} Nf6 {[%clk 00:37:05]} {[%emt 00:00:12]} 17. Nxh8 {[%clk
00:50:45]} {[%emt 00:00:15]} Rxh8 {[%clk 00:35:33]} {[%emt 00:02:02]} 18. f5
{[%clk 00:50:12]} {[%emt 00:01:03]} Rc8 {[%clk 00:35:44]} {[%emt 00:00:19]} 19.
O-O-O {[%clk 00:47:01]} {[%emt 00:03:40]} Rc4 {[%clk 00:30:20]} {[%emt
00:05:55]} 20. h3 {[%clk 00:42:05]} {[%emt 00:05:26]} h5 {[%clk 00:30:30]}
{[%emt 00:00:20]} 21. Rhf1 {[%clk 00:30:32]} {[%emt 00:12:03]} Ra4 {[%clk
00:23:12]} {[%emt 00:07:48]} 22. b3 {[%clk 00:29:35]} {[%emt 00:01:27]} Rxa2
{[%clk 00:17:17]} {[%emt 00:06:26]} 23. Kb1 {[%clk 00:29:38]} {[%emt 00:00:27]}
Ra5 {[%clk 00:17:24]} {[%emt 00:00:23]} 24. g4 {[%clk 00:29:45]} {[%emt
00:00:23]} hxg4 {[%clk 00:16:51]} {[%emt 00:01:03]} 25. hxg4 {[%clk 00:30:12]}
{[%emt 00:00:02]} Nd5 {[%clk 00:12:53]} {[%emt 00:04:29]} 26. Rd3 {[%clk
00:28:39]} {[%emt 00:02:03]} Bc7 {[%clk 00:11:46]} {[%emt 00:01:36]} 27. c4
{[%clk 00:22:32]} {[%emt 00:06:37]} Nb6 {[%clk 00:09:35]} {[%emt 00:02:42]} 28.
b4 {[%clk 00:22:39]} {[%emt 00:00:22]} Ra4 {[%clk 00:09:37]} {[%emt 00:00:28]}
29. c5 {[%clk 00:22:19]} {[%emt 00:00:50]} Rxb4+ {[%clk 00:09:15]} {[%emt
00:00:53]} 30. Ka2 {[%clk 00:22:44]} {[%emt 00:00:05]} Rxg4 {[%clk 00:05:33]}
{[%emt 00:04:12]} 31. cxb6 {[%clk 00:22:35]} {[%emt 00:00:38]} Bxb6 {[%clk
00:06:01]} {[%emt 00:00:02]} 32. Rd7+ {[%clk 00:22:22]} {[%emt 00:00:42]} Ke8
{[%clk 00:04:49]} {[%emt 00:01:43]} 33. Rc1 {[%clk 00:21:26]} {[%emt 00:01:26]}
Rg2+ {[%clk 00:03:27]} {[%emt 00:01:52]} 34. Kb3 {[%clk 00:21:50]} {[%emt
00:00:07]} Rg3+ {[%clk 00:03:52]} {[%emt 00:00:05]} 35. Ka4 {[%clk 00:22:03]}
{[%emt 00:00:17]} Rg4+ {[%clk 00:04:17]} {[%emt 00:00:04]} 36. Kb5 {[%clk
00:22:28]} {[%emt 00:00:04]} Bd8 {[%clk 00:04:07]} {[%emt 00:00:42]} 37. Rc8
{[%clk 00:22:18]} {[%emt 00:00:39]} a6+ {[%clk 00:04:25]} {[%emt 00:00:13]} 38.
Kc5 {[%clk 00:22:38]} {[%emt 00:00:09]} b6+ {[%clk 00:04:40]} {[%emt 00:00:15]}
39. Kd5 {[%clk 00:23:03]} {[%emt 00:00:04]} 1-0